Social Phiolosophy of Buddhism and the Problem of Indequality (Record no. 14918)

MARC details
000 -LEADER
fixed length control field 00595nam a2200229 a 4500
020 ## - INTERNATIONAL STANDARD BOOK NUMBER
ISBN 8190209442
082 00 - DEWEY DECIMAL CLASSIFICATION NUMBER
Classification number 294.3
Author Cutter CHA1
100 ## - MAIN ENTRY--AUTHOR NAME
Author name Chakravarti, Uma
245 ## - TITLE STATEMENT
Title Social Phiolosophy of Buddhism and the Problem of Indequality
260 ## - PUBLICATION, DISTRIBUTION, ETC. (IMPRINT)
Place of publication New Delhi
Name of publisher Critical Quest
Year of publication 2004
300 ## - PHYSICAL DESCRIPTION
Number of Pages 32p
500 ## - GENERAL NOTE
General note includes index and biblioraphy
650 ## - SUBJECT ADDED ENTRY--TOPICAL TERM
Topical Term Buddhism
942 ## - ADDED ENTRY ELEMENTS (KOHA)
Koha item type Books
700 1# -
-- Chakravarti, Uma
Holdings
Collection code Home library Current library Date acquired Cost, normal purchase price Full call number Accession Number Koha item type
  Henry Martyn Institute Library Henry Martyn Institute Library 07/27/2009 20.00 294.3 CHA1 022826 Books
                   Copyright © 2026 | Henry Martyn Institute | Hyderabad | TS-500052 | INDIA | Implemented by hmi.edu.in
Hit-Count:

Powered by Koha